Etica

সংরক্ষণ করুন:
গ্রন্থ-পঞ্জীর বিবরন
প্রধান লেখক: Rodríguez Lozano, V (Author), Frade Perdomo, P (Author), Albelo Martin, L. M (Author)
বিন্যাস: গ্রন্থ
ভাষা:স্প্যানিশ
প্রকাশিত: Ciudad de México Addison-Wesley Longman 1998
মালা:Serie AWLI
বিষয়গুলি:
ট্যাগগুলো: ট্যাগ যুক্ত করুন
কোনো ট্যাগ নেই, প্রথমজন হিসাবে ট্যাগ করুন!

MARC

LEADER 00000nam a2200000 a 4500
001 UCO1858
003 CL-VaPUC
008 000525e19980000MX |||||||||||||||||spa|d
082 0 4 |a 170  |b ROD  |2 21 
100 0 |a Rodríguez Lozano, V  |e author  |9 444407 
700 0 |a Frade Perdomo, P  |e author  |9 444408 
700 0 |a Albelo Martin, L. M  |e author  |9 444409 
245 1 0 |a Etica 
300 |a 243 p 
942 |c BK 
945 |d 20000525 00:00:00  |a rbrito 
260 |a Ciudad de México  |b Addison-Wesley Longman  |c 1998 
650 0 |a Ética  |9 255099 
650 7 |a ETICA SEXUAL  |2 CL-VaPUC  |9 444410 
650 0 |a Moral  |9 265913 
650 0 |a Etica política   |9 255799 
650 7 |a PERSONA  |2 CL-VaPUC  |9 327934 
650 0 |a Justicia social  |9 314874 
650 7 |a JUICIO MORAL  |2 CL-VaPUC  |9 351606 
650 0 |a Dignidad  |9 317313 
650 0 |a Voluntad  |9 307812 
650 0 |a Conciencia  |9 309452 
650 7 |a PLURALISMO  |2 CL-VaPUC  |9 328303 
650 7 |a SINDICALISMO  |2 CL-VaPUC  |9 444411 
650 0 |a Familias   |9 255641 
650 0 |a Justicia   |9 255408 
650 0 |a Derechos humanos  |9 223025 
583 |a last modification  |c 20000525 00:00:00  |k Rodrigo Vera 
490 0 |a Serie AWLI 
999 |c 288448  |d 288446 
952 |0 0  |1 0  |4 0  |6 170_000000000000000_ROD_1998  |7 0  |8 A  |9 336124  |a BIBTEO  |b BIBTEO  |d 2019-11-20  |i 3619893  |o 170 ROD 1998  |p 3619893  |r 2025-01-17  |w 2019-11-20  |y BK  |k ICR